Co to za flaga? - Statystyki

Ogólne statystyki
  • Ten quiz został rozwiązany 100 razy
  • Średni wynik to 11 z 16
Statystyki odpowiedzi
Obrazkowy Odpowiedź % Poprawnych
Polska
95%
USA
93%
RPA
89%
Maroko
86%
Nowa Zelandia
84%
Irak
79%
Andora
76%
Mongolia
71%
Bangladesz
70%
Grenlandia
64%
Boliwia
58%
Mozambik
57%
Sudan
52%
Surinam
52%
Jordania
51%
Gwatemala
49%
Nie znaleziono quizów pasujących do podanych kryteriów
Rozkład punktacji
Procent ludzi z każdym wynikiem
Percentyl według liczby udzielonych odpowiedzi
Twoja historia wyników
Nie rozwiązałeś tego quizu